Real Madrid Players 2025/26 - Picture - Statistics

General Stats
  • This quiz has been taken 41 times
  • The average score is 19 of 25
Answer Stats
Picture Answer % Correct
Antonio Rüdiger
94%
Kylian Mbappé
94%
Jude Bellingham
91%
Vinicius Junior
91%
Andriy Lunin
89%
Arda Güler
89%
Eduardo Camavinga
89%
Rodrygo
89%
Thibaut Courtois
89%
David Alaba
86%
Federico Valverde
83%
Trent Alexander-Arnold
83%
Aurélien Tchouaméni
80%
Ferland Mendy
80%
Daniel Carvajal
77%
Éder Militão
77%
Gonzalo García
71%
Álvaro Carreras
69%
Brahim Díaz
69%
Fran García
69%
Dean Huijsen
63%
Raúl Asencio
63%
Dani Ceballos
60%
Franco Mastantuono
49%
Fran González
29%
No matching quizzes found
Score Distribution
Percent of People with Each Score
Percentile by Number Answered
Your Score History
You have not taken this quiz